000 00474Cam#a22001935a#4500
003 AR-RoUNA
008 140529||||||||||||||||| |||| 0|||| d
040 _aAR-RoUNA
_bspa
041 _aspa
080 _a72.036
092 _lW949
100 1 _aForsee, Aylesa
_917815
245 _aFrank lloyd wright. Su vida y obra :
260 _aBuenos Aires :
_bVictor Leru Srl
300 _a224 p. :
_bil.
653 _aWright, Frank Lloyd
930 _e2260
945 _d2023-10-27
999 _c2932
_d2932
980 _86
_gMirna Bonanno Potro